| 000 | 00823nam a2200253 i 4500 | ||
|---|---|---|---|
| 001 | 21273 | ||
| 003 | BD-RjUL | ||
| 005 | 20211209000652.0 | ||
| 008 | 140304r19881953enk 00001 eng d | ||
| 020 | _z046009923 | ||
| 035 | _a(BD-RjUL)21337 | ||
| 040 |
_aNNCU _beng _cNNCU _dBD-RjUL |
||
| 041 | 0 | _aengenm | |
| 082 | 0 |
_a821.1 _221 _bCHT 1988 |
|
| 100 | 1 |
_aChaucer, Geoffrey, _d-1400. _965771 |
|
| 245 | 1 | 0 |
_aTroilus and Criseyde / _cGeoffrey Chaucer ; edited by John Warrington. |
| 260 |
_aLondon : _bJ.M. Dent ; _aNew York : _bE.P. Dutton, _c1953 [reissued 1988]. |
||
| 300 |
_axv, 337 p. ; _c18 cm. |
||
| 504 | _aBibliography: p. viii. | ||
| 650 | 0 |
_aTroilus (Legendary character) _vPoetry. _955644 |
|
| 700 | 1 |
_aWarrington, John. _96264 |
|
| 942 |
_2ddc _cBK |
||
| 999 |
_c21273 _d21273 |
||